Statistics for Countries that Produce the Most Apples

Click here to take the quiz!

General Stats

  • This quiz has been taken 21 times
  • The average score is 16 of 20

Answer Stats

Production
(metric tonnes)
Country % Correct
41,390,000China
100%
1,710,755France
100%
1,300,943Brazil
95%
1,766,210Chile
95%
2,265,000India
95%
714,149Mexico
95%
994,710Argentina
95%
5,173,670United States
95%
1,921,272Italy
90%
1,639,421Russia
86%
2,096,749Iran
86%
2,441,393Poland
86%
3,032,164Turkey
86%
735,200Japan
81%
1,076,180Ukraine
81%
798,574Egypt
71%
924,375South Africa
71%
820,547Morocco
57%
1,028,796Uzbekistan
38%
782,143North Korea
5%

Score Distribution

Percentile by Number Answered

Percent of People with Each Score

Your Score History

You have not taken this quiz